DUA dekad penyelidikan : Persekitaran dan pemuliharaan

Bibliographic Details
Other Authors: Sharifah Mastura Syed Abdullah
Format: Book
Published: Bangi, Selangor : Penerbit UKM , 1993
Series:Kumpulan kertas kerja 21, UKM
Subjects:

MARC

LEADER 00000cam a2200000 7i4500
001 0000001418
005 20010622.0
020 0 0 |a 967942247X 
090 0 0 |a 333.708595   |b DUA 1993 
245 0 0 |a DUA dekad penyelidikan :   |b Persekitaran dan pemuliharaan   |c disunting oleh Sharifah Mastura Syed Abdullah 
260 0 0 |a Bangi, Selangor :   |b Penerbit UKM ,   |c 1993 
300 |a 235 p. :   |b ill., maps ;   |c 26 cm. 
440 0 0 |a Kumpulan kertas kerja 21, UKM 
500 0 0 |a Includes bibliogrphical references 
650 0 0 |a Coastal zone management   |z Malaysia 
650 0 0 |a Conservation of natural resources   |z Malaysia 
650 0 0 |a Environmental policy   |z Malaysia 
650 0 0 |a Environmental protection   |z Malaysia 
700 0 1 |a Sharifah Mastura Syed Abdullah 
998 |a JPSM 
999 |a 0000002491   |b Monograph   |c Open Shelf   |e Default branch